[Event "III Memorial Pedro Lezcano Montalvo 10"]
[Site "Gran Canaria (ESP)"]
[Date "2010.04.01"]
[Round "4.7"]
[White "Rodriguez Ferraz, Borja"]
[Black "Vega Gutierrez, Sabrina Neide"]
[Result "1-0"]
[WhiteElo "2037"]
[BlackElo "2314"]
[PlyCount "75"]
[EventDate "2010.03.29"]
[EventType "swiss"]
[EventRounds "9"]
[EventCountry "ESP"]
[Source "Arranz, Pablo"]
[SourceDate "2010.03.29"]

1. d4 d5 2. c4 e6 3. Nc3 c6 4. cxd5 exd5 5. Bf4 Bf5 6. e3 Nf6 7. Nf3 Be7 8. Bd3
Bxd3 9. Qxd3 O-O 10. h3 Nbd7 11. O-O a5 12. Rab1 Re8 13. Qc2 b5 14. a4 b4 15.
Ne2 c5 16. b3 Rc8 17. Rbc1 Ne4 18. Ne5 f6 19. Nxd7 Qxd7 20. Qd3 cxd4 21. Nxd4
Bd6 22. Bxd6 Qxd6 23. Nb5 Qe5 24. Rfd1 Rxc1 25. Rxc1 h5 26. f4 Qf5 27. Rd1 Rd8
28. Nc7 Rc8 29. Nxd5 Qe6 30. f5 Qe5 31. Qa6 Rc2 32. Qe6+ Qxe6 33. fxe6 Kf8 34.
Nf4 Nd2 35. Nxh5 Nxb3 36. Rd7 Nc5 37. Rf7+ Kg8 38. Rxg7+ 1-0

[Event "III Memorial Pedro Lezcano Montalvo 10"]
[Site "Gran Canaria (ESP)"]
[Date "2010.04.01"]
[Round "4.8"]
[White "Lopez Colon, Francisco"]
[Black "Machin Arbelo, Pedro Alexis"]
[Result "0-1"]
[WhiteElo "2245"]
[BlackElo "2043"]
[PlyCount "78"]
[EventDate "2010.03.29"]
[EventType "swiss"]
[EventRounds "9"]
[EventCountry "ESP"]
[Source "Arranz, Pablo"]
[SourceDate "2010.03.29"]

1. d4 Nf6 2. c4 e6 3. g3 d5 4. Bg2 Nc6 5. Nf3 dxc4 6. O-O a6 7. Nc3 Rb8 8. Bg5
Be7 9. e4 O-O 10. Rc1 b5 11. e5 Nd7 12. Ne4 Nb4 13. Ra1 Bb7 14. Bxe7 Qxe7 15.
Qe2 c5 16. Rfd1 Nd3 17. b3 cxd4 18. bxc4 bxc4 19. Nxd4 N7xe5 20. Rab1 Bd5 21.
Nc3 Bxg2 22. Kxg2 Qa3 23. Qc2 Rb2 24. Rxb2 Qxb2 25. f4 Qxc2+ 26. Nxc2 Rb8 27.
Na4 Nc6 28. Ne3 Rb4 29. Nc3 Rb2+ 30. Kf3 Rf2+ 31. Kg4 f5+ 32. Kh3 Rf3 33. Nxc4
Nf2+ 34. Kg2 Rxc3 35. Kxf2 Rxc4 36. Rd2 Nb4 37. Rd8+ Kf7 38. a3 Nd5 39. Rd7+
Kf6 0-1

[Event "III Memorial Pedro Lezcano Montalvo 10"]
[Site "Gran Canaria (ESP)"]
[Date "2010.04.01"]
[Round "4.9"]
[White "Acosta Sosa, Juan Manuel"]
[Black "Morales Camacho, Julian"]
[Result "1-0"]
[WhiteElo "2023"]
[BlackElo "2240"]
[PlyCount "83"]
[EventDate "2010.03.29"]
[EventType "swiss"]
[EventRounds "9"]
[EventCountry "ESP"]
[Source "Arranz, Pablo"]
[SourceDate "2010.03.29"]

1. d4 e6 2. c4 d5 3. Nc3 c5 4. cxd5 exd5 5. Nf3 Nc6 6. Bf4 Be6 7. e3 Nf6 8. Be2
Rc8 9. O-O h6 10. Rc1 c4 11. b3 Ba3 12. Nb5 Bxc1 13. Nd6+ Kf8 14. Qxc1 Rc7 15.
Nb5 Rd7 16. bxc4 Ne4 17. Qa3+ Qe7 18. c5 f6 19. h3 g5 20. Bh2 Kg7 21. Bd3 a6
22. Nc3 Nxc3 23. Qxc3 Qf7 24. Nd2 Re8 25. f4 Qh5 26. Rf3 Bg8 27. g4 Qf7 28. Nf1
Bh7 29. Ng3 Be4 30. Rf2 Re6 31. Nxe4 Rxe4 32. Bxe4 dxe4 33. fxg5 hxg5 34. Bd6
Ne7 35. Bxe7 Qxe7 36. Qc4 Qf7 37. Qxf7+ Kxf7 38. Kg2 Ke6 39. Kg3 Rh7 40. Rh2
Kd5 41. h4 gxh4+ 42. Rxh4 1-0

[Event "III Memorial Pedro Lezcano Montalvo 10"]
[Site "Gran Canaria (ESP)"]
[Date "2010.04.01"]
[Round "4.10"]
[White "Martin Hernandez, Ruben"]
[Black "Alvarado Ascanio, Francisco"]
[Result "0-1"]
[WhiteElo "1998"]
[BlackElo "2230"]
[PlyCount "116"]
[EventDate "2010.03.29"]
[EventType "swiss"]
[EventRounds "9"]
[EventCountry "ESP"]
[Source "Arranz, Pablo"]
[SourceDate "2010.03.29"]

1. d4 e6 2. c4 f5 3. g3 Nf6 4. Bg2 c6 5. Nh3 d5 6. Nd2 Bd6 7. O-O O-O 8. b3 b6
9. Bb2 Bb7 10. Nf4 Qe7 11. Nd3 a5 12. f3 c5 13. e3 Nbd7 14. Ne5 Rad8 15. Qe2
cxd4 16. exd4 Nxe5 17. dxe5 Bc5+ 18. Kh1 Ne8 19. f4 dxc4 20. Nxc4 Ba6 21. Rfd1
Nc7 22. Qf3 Nd5 23. Bd4 Bxc4 24. bxc4 Bxd4 25. Rxd4 Nb4 26. Rad1 Rxd4 27. Rxd4
Rd8 28. Qd1 Rxd4 29. Qxd4 Qc7 30. a3 Na6 31. h3 h6 32. g4 fxg4 33. hxg4 Nc5 34.
f5 Qd7 35. Qb2 Qd1+ 36. Kh2 Qxg4 37. fxe6 Qh4+ 38. Kg1 Qe1+ 39. Kh2 Qh4+ 40.
Kg1 Qe1+ 41. Kh2 Nd3 42. Qxb6 Qxe5+ 43. Kh1 Qh5+ 44. Kg1 Qc5+ 45. Qxc5 Nxc5 46.
Bd5 Kf8 47. Kf2 Ke7 48. Kg3 Nxe6 49. Kg4 Kf6 50. Be4 Nc5 51. Bc2 Nd7 52. Kh5
Nc5 53. Kg4 g6 54. Kh4 Ne6 55. Be4 h5 56. Bf3 Nd4 57. Bd1 Nf5+ 58. Kh3 Ke5 0-1

[Event "III Memorial Pedro Lezcano Montalvo 10"]
[Site "Gran Canaria (ESP)"]
[Date "2010.04.01"]
[Round "4.11"]
[White "Gonzalez Garcia, Guillermo"]
[Black "Rodriguez Perez, David"]
[Result "1-0"]
[WhiteElo "2217"]
[BlackElo "2032"]
[PlyCount "97"]
[EventDate "2010.03.29"]
[EventType "swiss"]
[EventRounds "9"]
[EventCountry "ESP"]
[Source "Arranz, Pablo"]
[SourceDate "2010.03.29"]

1. d4 Nf6 2. Nf3 e6 3. c4 c5 4. Nc3 cxd4 5. Nxd4 a6 6. a3 Qc7 7. Bg5 Be7 8. Rc1
Nc6 9. e3 O-O 10. Be2 d5 11. Nxc6 bxc6 12. O-O Qa7 13. Bf3 a5 14. Na4 Ba6 15.
Be2 Ne4 16. Bxe7 Qxe7 17. cxd5 cxd5 18. Bxa6 Rxa6 19. Qd3 Ra7 20. Rc6 Rc7 21.
Qa6 Rxc6 22. Qxc6 h5 23. f3 Nd2 24. Rf2 Nc4 25. e4 Qg5 26. f4 Qg4 27. Nc3 Rb8
28. exd5 exd5 29. Qxd5 Nxb2 30. Qxa5 Nd3 31. h3 Qh4 32. Rf3 Ne1 33. Re3 Nc2 34.
Re2 Nd4 35. Rf2 Re8 36. Ne4 Qe7 37. Ng5 Qe3 38. Qd5 Ne2+ 39. Kh2 Qg3+ 40. Kh1
Re7 41. Qf3 Qxf3 42. Nxf3 Nxf4 43. Ra2 Nd5 44. Rd2 Nb6 45. Rd8+ Kh7 46. Rb8 Na4
47. Ra8 Nb6 48. Ra6 Nc4 49. Ng5+ 1-0

[Event "III Memorial Pedro Lezcano Montalvo 10"]
[Site "Gran Canaria (ESP)"]
[Date "2010.04.01"]
[Round "4.12"]
[White "Navarro Molina, David"]
[Black "Gutierrez Olivares, Daniel"]
[Result "1-0"]
[WhiteElo "1967"]
[BlackElo "2190"]
[PlyCount "85"]
[EventDate "2010.03.29"]
[EventType "swiss"]
[EventRounds "9"]
[EventCountry "ESP"]
[Source "Arranz, Pablo"]
[SourceDate "2010.03.29"]

1. d4 Nf6 2. Nf3 e6 3. c4 b6 4. g3 Bb7 5. Bg2 Be7 6. O-O O-O 7. d5 exd5 8. Nh4
c6 9. cxd5 Nxd5 10. Nf5 Nc7 11. e4 d5 12. Re1 Bf6 13. e5 Be7 14. Qg4 Ne8 15. e6
Kh8 16. Nxg7 Nf6 17. Qg5 Ne8 18. Qg4 Nxg7 19. Bh6 Ne8 20. Bxf8 Bxf8 21. exf7
Nf6 22. Qg5 Nbd7 23. Bh3 Be7 24. Nc3 Nf8 25. Be6 Ng6 26. h4 Ne4 27. Qh6 Bf8 28.
Qh5 Qf6 29. Nxe4 dxe4 30. Rxe4 Bc5 31. Qf5 Qxf5 32. Bxf5 Kg7 33. Be6 h5 34. Bb3
Rd8 35. Re8 Rd2 36. Rg8+ Kh7 37. Rc1 Bxf2+ 38. Kg2 c5+ 39. Kh3 Rd3 40. Rc3 Rd2
41. Bc2 Rxc2 42. Rxc2 Ne5 43. Rxf2 1-0

[Event "III Memorial Pedro Lezcano Montalvo 10"]
[Site "Gran Canaria (ESP)"]
[Date "2010.04.01"]
[Round "4.13"]
[White "Camino Carrio, Nicanor"]
[Black "Alvarado Diaz, Alejandro"]
[Result "0-1"]
[WhiteElo "2128"]
[BlackElo "1935"]
[Annotator "Arranz,Pablo"]
[PlyCount "108"]
[EventDate "2010.03.29"]
[EventType "swiss"]
[EventRounds "9"]
[EventCountry "ESP"]
[Source "Arranz, Pablo"]
[SourceDate "2010.03.29"]

1. e4 d5 2. exd5 Qxd5 3. Nc3 Qa5 4. d4 Nf6 5. Bc4 Nc6 6. Nge2 Bg4 7. f3 Be6 8.
Bxe6 fxe6 9. O-O O-O-O 10. Qe1 Nb4 11. Ne4 Qb6 12. Qd1 e5 13. c3 exd4 14. cxb4
Nxe4 15. fxe4 d3+ 16. Kh1 dxe2 17. Qxe2 Qxb4 18. Qg4+ Kb8 19. Bf4 e5 20. Bxe5
Bd6 21. Bxd6 Rxd6 22. Qxg7 Re8 23. e5 Rde6 24. Rae1 a6 25. b3 Qa5 26. Qxh7 Qxa2
27. h3 Qb2 28. Qd7 R6e7 29. Qa4 Rg8 30. Rg1 Reg7 31. Qe4 Qc3 32. Re3 Qc5 33. e6
Re7 34. Qe5 Qc6 35. Qf6 Reg7 36. Qf3 Qc5 37. Rge1 Re7 38. Re5 Qb6 39. Qe3 Qc6
40. Rg5 Rge8 41. Rg6 Qd5 42. Rf6 Rg8 43. Qf3 Qd8 44. Rf7 Rge8 45. Rxe7 Rxe7 46.
Qf6 Qd2 47. Re5 Qd1+ 48. Kh2 Qd6 49. Kg1 Re8 50. Re1 Qb4 51. Re2 Qxb3 52. Qf7
Qd1+ 53. Kh2 Qd6+ 54. Kg1 Re7 $138 0-1

[Event "III Memorial Pedro Lezcano Montalvo 10"]
[Site "Gran Canaria (ESP)"]
[Date "2010.04.01"]
[Round "4.14"]
[White "Lopez Pereyra, Antonio"]
[Black "Ramirez Medina, Oscar"]
[Result "0-1"]
[WhiteElo "2097"]
[BlackElo "1914"]
[PlyCount "58"]
[EventDate "2010.03.29"]
[EventType "swiss"]
[EventRounds "9"]
[EventCountry "ESP"]
[Source "Arranz, Pablo"]
[SourceDate "2010.03.29"]

1. e4 c5 2. Nf3 d6 3. d4 cxd4 4. Nxd4 Nf6 5. Nc3 a6 6. Bc4 e6 7. Bb3 Qc7 8. Bg5
Be7 9. Qf3 Nc6 10. O-O-O Na5 11. Kb1 Rb8 12. Qg3 h6 13. Bxf6 Bxf6 14. Ndb5 axb5
15. Nxb5 Qc5 16. Nxd6+ Kf8 17. Nf5 Nc6 18. Bd5 Qb4 19. c3 Bxc3 20. Bb3 Bf6 21.
Rd8+ Nxd8 22. Qxb8 Qxe4+ 23. Ka1 Qe5 24. Qxe5 Bxe5 25. Ne3 Ke7 26. Nc4 Bc7 27.
Re1 Nc6 28. g3 Rd8 29. f4 Na5 0-1

[Event "III Memorial Pedro Lezcano Montalvo 10"]
[Site "Gran Canaria (ESP)"]
[Date "2010.04.01"]
[Round "4.15"]
[White "Capote Robayna, Nathaniel"]
[Black "Gonzalez Intelangelo, Gerardo"]
[Result "1/2-1/2"]
[WhiteElo "1933"]
[BlackElo "2095"]
[PlyCount "74"]
[EventDate "2010.03.29"]
[EventType "swiss"]
[EventRounds "9"]
[EventCountry "ESP"]
[Source "Arranz, Pablo"]
[SourceDate "2010.03.29"]

1. d4 Nf6 2. c4 e6 3. Nc3 d5 4. Nf3 Be7 5. cxd5 exd5 6. Bg5 O-O 7. e3 c6 8. Bd3
Nbd7 9. Qc2 Re8 10. O-O Nf8 11. Rae1 Ng6 12. Nd2 Nh5 13. Bxe7 Rxe7 14. Nb3 Re8
15. Qd2 Nh4 16. e4 Bh3 17. Qd1 Qg5 18. g3 Nf4 19. Bc2 Bxf1 20. Rxf1 Nhg6 21.
Kh1 Nh5 22. f4 Qh6 23. Qf3 dxe4 24. Nxe4 Nf6 25. Nbc5 Nxe4 26. Nxe4 Rad8 27. f5
Nf8 28. Rd1 Nd7 29. g4 Qh4 30. g5 Rxe4 31. Qxe4 Qxg5 32. Rg1 Qf6 33. Bb3 Nb6
34. Re1 h6 35. Qe7 Rd7 36. Qxf6 gxf6 37. Re4 Nd5 1/2-1/2

[Event "III Memorial Pedro Lezcano Montalvo 10"]
[Site "Gran Canaria (ESP)"]
[Date "2010.04.01"]
[Round "5.1"]
[White "Hernandez, Holden"]
[Black "Hernando Rodrigo, Jose Maria"]
[Result "1-0"]
[WhiteElo "2541"]
[BlackElo "2331"]
[PlyCount "47"]
[EventDate "2010.03.29"]
[EventType "swiss"]
[EventRounds "9"]
[EventCountry "ESP"]
[Source "Arranz, Pablo"]
[SourceDate "2010.03.29"]

1. c4 g6 2. Nc3 Bg7 3. d4 c5 4. d5 f5 5. e4 Bxc3+ 6. bxc3 fxe4 7. f3 Nf6 8.
fxe4 d6 9. Nf3 Qa5 10. Qc2 Bg4 11. e5 dxe5 12. Nxe5 Bf5 13. Bd3 Bxd3 14. Qxd3
Nbd7 15. Nxd7 Nxd7 16. O-O O-O-O 17. Bg5 Nf6 18. Rae1 Rhe8 19. Qh3+ Kb8 20. d6
Ng8 21. d7 Rf8 22. Qg3+ Qc7 23. Rxf8 Rxf8 24. Bf4 1-0

[Event "III Memorial Pedro Lezcano Montalvo 10"]
[Site "Gran Canaria (ESP)"]
[Date "2010.04.01"]
[Round "5.2"]
[White "Barlov, Dragan"]
[Black "Kurajica, Bojan"]
[Result "1/2-1/2"]
[WhiteElo "2487"]
[BlackElo "2525"]
[PlyCount "22"]
[EventDate "2010.03.29"]
[EventType "swiss"]
[EventRounds "9"]
[EventCountry "ESP"]
[Source "Arranz, Pablo"]
[SourceDate "2010.03.29"]

1. Nf3 Nf6 2. c4 e6 3. d4 d5 4. Nc3 Be7 5. cxd5 exd5 6. Bg5 c6 7. Qc2 g6 8. e3
Bf5 9. Bd3 Bxd3 10. Qxd3 Nbd7 11. O-O O-O 1/2-1/2

[Event "III Memorial Pedro Lezcano Montalvo 10"]
[Site "Gran Canaria (ESP)"]
[Date "2010.04.01"]
[Round "5.3"]
[White "Menvielle Lacourrelle, Augusto"]
[Black "Strikovic, Aleksa"]
[Result "0-1"]
[WhiteElo "2287"]
[BlackElo "2544"]
[PlyCount "102"]
[EventDate "2010.03.29"]
[EventType "swiss"]
[EventRounds "9"]
[EventCountry "ESP"]
[Source "Arranz, Pablo"]
[SourceDate "2010.03.29"]

1. d4 Nf6 2. Nf3 g6 3. c4 Bg7 4. Nc3 d6 5. e4 O-O 6. Be2 c5 7. O-O cxd4 8. Nxd4
Nc6 9. Be3 Bd7 10. Rc1 Nxd4 11. Bxd4 Bc6 12. f3 a5 13. Nd5 Nd7 14. Bxg7 Kxg7
15. Qd4+ e5 16. Qd2 Nc5 17. Rfd1 Ne6 18. Nc3 Qb6+ 19. Kh1 Rad8 20. Bd3 f5 21.
Nd5 Bxd5 22. cxd5 Nf4 23. exf5 gxf5 24. Bb1 Rd7 25. Rc3 Re7 26. g3 Ng6 27. Rb3
Qd8 28. Re1 a4 29. Ra3 b5 30. Qb4 Qb6 31. Rxa4 Qf2 32. Ra3 Rc7 33. Rd1 Rc5 34.
Rad3 f4 35. Qe1 fxg3 36. hxg3 Rxf3 37. b4 Rc4 38. Qxf2 Rxf2 39. Kg1 Rb2 40. a3
e4 41. Re3 Ne5 42. Bxe4 Ng4 43. Ree1 Nf2 44. Rb1 Nh3+ 45. Kh1 Rxe4 46. Rxe4
Rxb1+ 47. Kg2 Ng5 48. Re7+ Kf6 49. Rb7 Rb2+ 50. Kf1 Rb3 51. Rxb5 Rxa3 0-1

[Event "III Memorial Pedro Lezcano Montalvo 10"]
[Site "Gran Canaria (ESP)"]
[Date "2010.04.01"]
[Round "5.4"]
[White "Cabrera Trujillo, Jorge"]
[Black "Vega Gutierrez, Belinda Vidina"]
[Result "0-1"]
[WhiteElo "2370"]
[BlackElo "2233"]
[PlyCount "162"]
[EventDate "2010.03.29"]
[EventType "swiss"]
[EventRounds "9"]
[EventCountry "ESP"]
[Source "Arranz, Pablo"]
[SourceDate "2010.03.29"]

1. e4 e5 2. Nf3 Nc6 3. Bb5 a6 4. Ba4 Nf6 5. d3 b5 6. Bb3 Bc5 7. a4 Bb7 8. O-O
h6 9. Nc3 b4 10. Nd5 d6 11. a5 O-O 12. c3 bxc3 13. bxc3 Nxd5 14. Bxd5 Rb8 15.
d4 Ba7 16. Re1 Qf6 17. Qd3 Nd8 18. Be3 exd4 19. Nxd4 c6 20. Bc4 d5 21. exd5
cxd5 22. Ba2 Nc6 23. Bb1 g6 24. Bc2 Nxd4 25. cxd4 Rfc8 26. Bb3 Bc6 27. Rac1 Bb5
28. Qd2 Bc4 29. Bd1 Rb5 30. Ba4 Rb7 31. Rcd1 Kh7 32. Bf4 Bb5 33. Bc2 Rxc2 34.
Qxc2 Qxf4 35. g3 Qf6 36. Re5 Bc4 37. Qd2 Rb3 38. Re3 Rb5 39. Re8 Rb8 40. Re5
Rb7 41. Kg2 Bb8 42. Re3 Bd6 43. Rf3 Qg5 44. Qc2 Kg7 45. Re1 Re7 46. Rfe3 Rxe3
47. Rxe3 Qd8 48. Qa4 Bb5 49. Qa2 Bc7 50. Ra3 Bc4 51. Qd2 Qb8 52. Ra1 Qb3 53.
Qe3 Qxe3 54. fxe3 Kf6 55. Kf2 Ke6 56. Ke1 Kd6 57. Kd2 Kc6 58. Kc3 Kb5 59. Rb1+
Kc6 60. Ra1 f5 61. Kb4 Bd6+ 62. Kc3 Bc7 63. Kb4 Bd8 64. Kc3 Bg5 65. Kd2 Kb5 66.
Rb1+ Kxa5 67. Rb7 Ka4 68. Rg7 a5 69. Rxg6 Kb3 70. Rb6+ Ka2 71. h4 Be7 72. Rxh6
a4 73. Rb6 Bd8 74. Rb7 Ba5+ 75. Kc1 a3 76. h5 Bd8 77. Kd2 Bg5 78. Ra7 Kb2 79.
Rb7+ Bb3 80. Ra7 a2 81. Ra6 a1=Q 0-1

[Event "III Memorial Pedro Lezcano Montalvo 10"]
[Site "Gran Canaria (ESP)"]
[Date "2010.04.01"]
[Round "5.5"]
[White "Alvarado Diaz, Alejandro"]
[Black "Ortega Hermida, Daniel"]
[Result "1/2-1/2"]
[WhiteElo "1935"]
[BlackElo "2389"]
[PlyCount "52"]
[EventDate "2010.03.29"]
[EventType "swiss"]
[EventRounds "9"]
[EventCountry "ESP"]
[Source "Arranz, Pablo"]
[SourceDate "2010.03.29"]

1. d4 Nf6 2. Nf3 c5 3. c3 Qa5 4. e3 d5 5. Nbd2 cxd4 6. exd4 Nc6 7. Bd3 g6 8.
O-O Bg7 9. Re1 O-O 10. h3 Qc7 11. Nf1 Nh5 12. Ne3 Nf4 13. Bf1 Rd8 14. Ng4 f6
15. g3 Nh5 16. Ne3 f5 17. Ng2 Nf6 18. Nf4 Ne4 19. Nd3 b5 20. a3 Qb6 21. Be3 Na5
22. b4 Nc4 23. Qb3 a5 24. Nc5 Bb7 25. Bf4 Ra7 26. Ng5 Rda8 1/2-1/2

[Event "III Memorial Pedro Lezcano Montalvo 10"]
[Site "Gran Canaria (ESP)"]
[Date "2010.04.01"]
[Round "5.6"]
[White "Alvarado Ascanio, Francisco"]
[Black "Rodriguez Ferraz, Borja"]
[Result "1/2-1/2"]
[WhiteElo "2230"]
[BlackElo "2037"]
[PlyCount "45"]
[EventDate "2010.03.29"]
[EventType "swiss"]
[EventRounds "9"]
[EventCountry "ESP"]
[Source "Arranz, Pablo"]
[SourceDate "2010.03.29"]

1. d4 Nf6 2. Nf3 d5 3. e3 Bf5 4. c4 e6 5. Nc3 Bb4 6. Qa4+ Nc6 7. Ne5 O-O 8.
Nxc6 Bxc3+ 9. bxc3 bxc6 10. f3 Qd7 11. Be2 Bg6 12. O-O Rfd8 13. Ba3 a6 14. Qd1
Ne8 15. cxd5 cxd5 16. c4 c6 17. Rc1 Nd6 18. Qd2 Rdc8 19. Rc3 dxc4 20. Bc5 Rab8
21. Bxc4 Nxc4 22. Rxc4 Rb5 23. Rfc1 1/2-1/2

[Event "III Memorial Pedro Lezcano Montalvo 10"]
[Site "Gran Canaria (ESP)"]
[Date "2010.04.01"]
[Round "5.7"]
[White "Cruz Pino, Adrian"]
[Black "Gonzalez Garcia, Guillermo"]
[Result "1/2-1/2"]
[WhiteElo "1808"]
[BlackElo "2217"]
[PlyCount "70"]
[EventDate "2010.03.29"]
[EventType "swiss"]
[EventRounds "9"]
[EventCountry "ESP"]
[Source "Arranz, Pablo"]
[SourceDate "2010.03.29"]

1. e4 c5 2. Nf3 d6 3. d4 cxd4 4. Nxd4 Nf6 5. Nc3 a6 6. Bc4 e6 7. Bb3 Qc7 8. O-O
Nc6 9. Re1 Be7 10. Be3 O-O 11. f3 Bd7 12. Qd2 b5 13. a4 b4 14. Nce2 e5 15. Nxc6
Bxc6 16. c4 bxc3 17. Nxc3 Rfb8 18. Bd5 Qb7 19. Bxc6 Qxc6 20. Rec1 Qb7 21. Rab1
Qb3 22. Bg5 h6 23. Bxf6 Bxf6 24. Qxd6 Bg5 25. Rd1 Be3+ 26. Kh1 Bd4 27. Qd5 Bxc3
28. Qxb3 Rxb3 29. bxc3 Rxc3 30. Rd5 Rac8 31. h4 Ra3 32. a5 Ra2 33. Rxe5 Rcc2
34. Rg1 Rf2 35. h5 Kh7 1/2-1/2

[Event "III Memorial Pedro Lezcano Montalvo 10"]
[Site "Gran Canaria (ESP)"]
[Date "2010.04.01"]
[Round "5.8"]
[White "Perez Aleman, Pedro Tomys"]
[Black "Acosta Sosa, Juan Manuel"]
[Result "1-0"]
[WhiteElo "2094"]
[BlackElo "2023"]
[PlyCount "51"]
[EventDate "2010.03.29"]
[EventType "swiss"]
[EventRounds "9"]
[EventCountry "ESP"]
[Source "Arranz, Pablo"]
[SourceDate "2010.03.29"]

1. e4 e5 2. Nf3 Nf6 3. Nxe5 d6 4. Nf3 Nxe4 5. Nc3 Nxc3 6. dxc3 Be7 7. Be3 O-O
8. Qd2 Nd7 9. O-O-O Ne5 10. h4 Ng4 11. Bg5 a5 12. Bd3 h6 13. Bf4 Bd7 14. Nd4
Ne5 15. g4 c6 16. Nf5 Nxd3+ 17. cxd3 Bxf5 18. gxf5 Kh7 19. Qe2 b5 20. Qh5 Bf6
21. Rdg1 Qd7 22. Rg2 b4 23. Rhg1 Rh8 24. Bxh6 g5 25. Bxg5+ Kg7 26. Bh6+ 1-0

[Event "III Memorial Pedro Lezcano Montalvo 10"]
[Site "Gran Canaria (ESP)"]
[Date "2010.04.01"]
[Round "5.9"]
[White "Ramirez Medina, Oscar"]
[Black "Rodriguez Melian, Jose Luis"]
[Result "1-0"]
[WhiteElo "1914"]
[BlackElo "2084"]
[PlyCount "75"]
[EventDate "2010.03.29"]
[EventType "swiss"]
[EventRounds "9"]
[EventCountry "ESP"]
[Source "Arranz, Pablo"]
[SourceDate "2010.03.29"]

1. Nf3 Nf6 2. g3 d5 3. c4 dxc4 4. Na3 c3 5. bxc3 g6 6. Bg2 Bg7 7. O-O O-O 8.
Rb1 c5 9. Qc2 Nc6 10. Rb5 Nd7 11. d3 a6 12. Rb1 Rb8 13. Bf4 e5 14. Bg5 Qc7 15.
Be3 b5 16. Ng5 Ne7 17. d4 Qa5 18. dxc5 Qxa3 19. Rb3 Qa5 20. c6 Nf6 21. Bc5 Qc7
22. Rd1 Rd8 23. Rbb1 Be6 24. Nxe6 fxe6 25. Qb3 Kf7 26. Qa3 Rxd1+ 27. Rxd1 Rc8
28. Bd6 Qd8 29. Qc5 Ne8 30. Rd3 Nxd6 31. Rxd6 Qe8 32. c7 Nf5 33. Bc6 Qf8 34.
Rd7+ Kf6 35. Qxf8+ Bxf8 36. Bb7 Nd6 37. Bxc8 Nxc8 38. Rd8 1-0

[Event "III Memorial Pedro Lezcano Montalvo 10"]
[Site "Gran Canaria (ESP)"]
[Date "2010.04.01"]
[Round "5.10"]
[White "Machin Arbelo, Pedro Alexis"]
[Black "Navarro Molina, David"]
[Result "1-0"]
[WhiteElo "2043"]
[BlackElo "1967"]
[PlyCount "96"]
[EventDate "2010.03.29"]
[EventType "swiss"]
[EventRounds "9"]
[EventCountry "ESP"]
[Source "Arranz, Pablo"]
[SourceDate "2010.03.29"]

1. e4 c5 2. Nf3 e6 3. c3 d5 4. exd5 Qxd5 5. Na3 Nf6 6. Bc4 Qd8 7. O-O Nc6 8.
Re1 a6 9. Be2 Be7 10. Nc4 b5 11. Nce5 Bb7 12. a4 Qd6 13. d4 cxd4 14. Nxc6 Qxc6
15. axb5 axb5 16. Rxa8+ Bxa8 17. Qb3 b4 18. cxb4 O-O 19. b5 Qd6 20. Qa3 Qc7 21.
Qa6 Bb7 22. Bf4 Qxf4 23. Qxb7 Bb4 24. Ra1 Bd6 25. g3 Qg4 26. Ra8 e5 27. Rxf8+
Kxf8 28. b6 Qd7 29. Qa8+ Ke7 30. Qa7 Ke8 31. Qa5 Qe7 32. Bb5+ Nd7 33. Qa8+ Qd8
34. Qd5 Qe7 35. Nd2 Kf8 36. Nc4 Bb8 37. Qxd7 Qxd7 38. Bxd7 Ke7 39. Bc6 f5 40.
Kf1 d3 41. f3 Kf6 42. Kf2 f4 43. Be4 d2 44. Nxd2 Bd6 45. Nc4 Bc5+ 46. Kg2 h6
47. b4 Bd4 48. b7 Ba7 1-0

[Event "III Memorial Pedro Lezcano Montalvo 10"]
[Site "Gran Canaria (ESP)"]
[Date "2010.04.01"]
[Round "5.12"]
[White "Estevez Hernandez, Cristo"]
[Black "Herrera Reyes, Jose Antonio"]
[Result "0-1"]
[WhiteElo "1810"]
[BlackElo "2119"]
[PlyCount "48"]
[EventDate "2010.03.29"]
[EventType "swiss"]
[EventRounds "9"]
[EventCountry "ESP"]
[Source "Arranz, Pablo"]
[SourceDate "2010.03.29"]

1. d4 d5 2. c4 c6 3. Nf3 Nf6 4. Nc3 a6 5. c5 g6 6. Bf4 Bg7 7. e3 O-O 8. Bd3 Re8
9. h3 Nbd7 10. O-O Nh5 11. Bh2 f5 12. Bc2 e5 13. Nxe5 Nxe5 14. Bxe5 Bxe5 15.
dxe5 Rxe5 16. Qd4 Re8 17. b4 Qg5 18. Ne2 Bd7 19. a4 Ng7 20. Nf4 Qh6 21. b5 g5
22. bxc6 bxc6 23. Ne2 f4 24. Qd2 f3 0-1

[Event "III Memorial Pedro Lezcano Montalvo 10"]
[Site "Gran Canaria (ESP)"]
[Date "2010.04.01"]
[Round "5.13"]
[White "Gonzalez Intelangelo, Gerardo"]
[Black "Garcia Rodriguez, Sara"]
[Result "1-0"]
[WhiteElo "2095"]
[BlackElo "1840"]
[PlyCount "63"]
[EventDate "2010.03.29"]
[EventType "swiss"]
[EventRounds "9"]
[EventCountry "ESP"]
[Source "Arranz, Pablo"]
[SourceDate "2010.03.29"]

1. Nf3 Nf6 2. b3 g6 3. Bb2 Bg7 4. c4 O-O 5. d3 d6 6. Nbd2 c5 7. e3 Nc6 8. Be2
d5 9. a3 dxc4 10. bxc4 Bf5 11. Qc2 Qd7 12. Nb3 b6 13. O-O Rad8 14. Rad1 Qc7 15.
Bc3 Rd7 16. Rd2 Rfd8 17. Rfd1 a5 18. Qb2 a4 19. Na1 h6 20. Nc2 Qb7 21. Ne5 Nxe5
22. Bxe5 Be4 23. Ne1 Bc6 24. Rb1 Ne4 25. Bxg7 Nxd2 26. Bxh6 f6 27. Qxd2 g5 28.
h4 Kh7 29. hxg5 fxg5 30. Bxg5 Rg8 31. f4 e5 32. Bg4 1-0

[Event "III Memorial Pedro Lezcano Montalvo 10"]
[Site "Gran Canaria (ESP)"]
[Date "2010.04.01"]
[Round "5.15"]
[White "Galvan Sarmiento, Jose Luis"]
[Black "Capote Robayna, Nathaniel"]
[Result "1/2-1/2"]
[WhiteElo "2061"]
[BlackElo "1933"]
[PlyCount "75"]
[EventDate "2010.03.29"]
[EventType "swiss"]
[EventRounds "9"]
[EventCountry "ESP"]
[Source "Arranz, Pablo"]
[SourceDate "2010.03.29"]

1. d4 Nf6 2. Nf3 d5 3. c4 c5 4. e3 cxd4 5. exd4 g6 6. Nc3 Bg7 7. h3 O-O 8. cxd5
Nxd5 9. Bc4 Nb6 10. Bb3 Nc6 11. Be3 Na5 12. Bc2 Nac4 13. Bc1 Be6 14. O-O Rc8
15. Re1 Qd6 16. Ne4 Qc7 17. Bd3 Rfd8 18. b3 Nd6 19. Bf4 Nd5 20. Rc1 Qb6 21.
Rxc8 Rxc8 22. Nxd6 exd6 23. Bg3 Bh6 24. Bc4 Qb4 25. Qa1 Qa3 26. Kh2 a6 27. h4
b5 28. Bf1 Rc2 29. Ng5 Rxa2 30. Qd1 Bxg5 31. hxg5 Qb4 32. Qc1 Qxd4 33. Qc6 Nb4
34. Qe8+ Kg7 35. Rxe6 fxe6 36. Qe7+ Kg8 37. Qxe6+ Kg7 38. Qe7+ 1/2-1/2